01514nab a22002657a 4500999001500000003000400015005001700019008004100036040000700077100003000084245012000114260004200234300001300276500003600289505053400325505008900859650002600948650001900974650003600993650002101029650003401050700003101084773012001115942001301235 c6539d6539OSt20260223121231.0190506c xxu||||| |||| 00| 0 spa d cPJ 95209aMagnano, Marina G. 10aDepreciación monetaria y obligaciones laborales. El nuevo rol del juez /cMarina G. Magnano, Fernando D. Ramallo. aBuenos Aires :bAbeledoPerrot,c2024. ap. 15-24 aCita: TR LALEY AR/DOC/504/2024. aSumario: I. Introducción. Proceso inflacionario. Depreciación - desvalorización.— II. Deudas dinerarias vs. deudas de valor.— III. Deudas de valor, deudas dinerarias. Consecuencias de la clasificación. Nominalismo.— IV. Inflación. Respuestas de la doctrina y jurisprudencia.— V. Obligación laboral. Naturaleza jurídica.— VI. Nominalismo vs. incumplimiento contractual.— VII. Inflación y acreencias laborales. Tentativa de solución.— VIII. Fundamentos de la posición asumida.— IX. Conclusión. t¿Te interesa el texto completo? Comunicate al correo: koha@justierradelfuego.gov.ar 091316aDERECHO LABORAL 09533aINTERESES 093790aACTUALIZACIÓN MONETARIA 096365aANATOCISMO 091367aASOCIACIONES SINDICALES 96444aRamallo, Fernando D.0 0275193202dBuenos Aires : AbeledoPerrot, 2013-tRevista de derecho laboral y seguridad social. Nº 7 - Abril 2024 2udccANA